| 000 | 00487nam a2200169Ia 4500 | ||
|---|---|---|---|
| 008 | 210719s1998 xx 000 0 und d | ||
| 020 | _a0-521-78590-1 | ||
| 041 | _aeng | ||
| 082 | _a324.273 | ||
| 100 | _aGERRING (John) | ||
| 245 | _aParty ideologies in America 1828-1996 | ||
| 260 |
_aNew York _bCambridge University Press _c1998 |
||
| 300 |
_axiv,337 _bPB |
||
| 650 | _aPolitical Process | ||
| 650 | _aPolitical Science | ||
| 906 | _a1828-1996 ; America ; ideologies ; in ; Party | ||
| 999 |
_c215496 _d215496 |
||